01537 a2200217 4500003000500000005001700005040000900022082001500031100002200046245003600068260003500104300001100139505060400150650003000754942001400784999001900798952012400817952012400941952012401065952013001189Nust20230819094424.0 cNust a519.72,HAD aHadley, G.939120 aLinear Programming /cG. Hadley aNew YorkbAddison-Wesleyc1962 a520 p. aIntroduction (Page-1), Mathematical Background (Page-24), Theory of the Simplex Methods (Page-71), Detailed Development and Computational Aspects of the Simples Methods (Page-108), Further Discussions of the Simplex Methods (Page-149), Resolutions of the Degeneracy Problem (Page-174), The Revised Simplex Methods (Page-197), Duality Theory and Its Ramifications (Page-217), Transportation Problems (Page-273), Network Flow (Page-331), Special Topics (Page-379), Applications of Linear Programming to Industrial Problems (Page-429), Applications of Linear Programming to Economic Theory (Page-476).  aLinear programming910838 2ddccBKB  c178478d178478 00102ddc4070aMCSbMCScGENd2016-12-12o519.72,HADpMCS33636r2016-12-08w2016-12-12yBKzAlmirah No.77, Shelf No.1 00102ddc4070aMCSbMCScGENd2016-12-12o519.72,HADpMCS33637r2016-12-08w2016-12-12yBKzAlmirah No.77, Shelf No.1 00102ddc4070aMCSbMCScGENd2023-07-10o519.72,HADpMCS33638r2023-07-10w2023-07-10yBKzAlmirah No.77, Shelf No.1 00102ddc4070aMCSbMCScGENd2023-08-19l0o519.72,HADpMCS33639r2023-08-19w2023-08-19yBKB zAlmirah no.14, Shelf no. 6